Fundamentos de inversiones
Guardat en:
| Autors principals: | , |
|---|---|
| Format: | Llibre |
| Idioma: | espanyol |
| Publicat: |
Madrid
Pearson Educación
2005
|
| Matèries: | |
| Etiquetes: |
Afegir etiqueta
Sense etiquetes, Sigues el primer a etiquetar aquest registre!
|
MARC
| LEADER | 00000nam a2200000 a 4500 | ||
|---|---|---|---|
| 001 | UCK8158 | ||
| 003 | CL-VaPUC | ||
| 008 | 060120e20050000SP |||||||||||||||||spa|d | ||
| 020 | |a 1579742424 | ||
| 082 | 0 | 4 | |a 332.6 |b GIT |2 21 |
| 100 | |a Gitman, Lawrence J |e author |9 534003 | ||
| 700 | 0 | |a Joenhk, M. D |e author |9 497944 | |
| 245 | 1 | 0 | |a Fundamentos de inversiones |
| 300 | |a 379 p | ||
| 942 | |c BK | ||
| 945 | |d 20060120 00:00:00 |a jtorresc | ||
| 260 | |a Madrid |b Pearson Educación |c 2005 | ||
| 650 | 0 | |a Mercado de valores |9 378123 | |
| 650 | 0 | |a Impuestos |9 255450 | |
| 650 | 0 | |a Análisis financiero |9 264523 | |
| 650 | 0 | |a Inversiones de capital |9 271545 | |
| 583 | |a last modification |c 20060120 00:00:00 |k Rodrigo Vera | ||
| 999 | |c 315939 |d 315937 | ||
| 952 | |0 0 |1 0 |4 0 |6 332_600000000000000_GIT_2005 |7 0 |8 A |9 389822 |a BIBENE |b BIBENE |d 2019-11-22 |i 4200748 |o 332.6 GIT 2005 |p 4200748 |r 2025-01-15 |w 2019-11-22 |y BK |k ICO | ||